000 00248nam a2200097Ia 4500
001 719366
005 20250826163041.0
008 250824s9999 xx 000 0 und d
245 0 _aBİN MUHTEŞEM GÜNEŞ
_cKHALED HOSSEINI
260 _bEVEREST YAYINLARI
999 _c719366
_d719366